Central Library OPAC University of Rajshahi

The Tabaqat al-Shu'ara' al-Muhdathin of ibn al -Muhthin of Ibn al-Mutazz = كتاب طبقات الشعراء في مدح الخلفاء والوزراء عبدالله ابن المعتز (Record no. 78680)

MARC details
000 -LEADER
fixed length control field 00951aaa a2200229 a 4500
001 - CONTROL NUMBER
control field 78680
003 - CONTROL NUMBER IDENTIFIER
rucl marc code BD-RjUL
005 - DATE AND TIME OF LATEST TRANSACTION
control field 20211209083148.0
008 - FIXED-LENGTH DATA ELEMENTS--GENERAL INFORMATION
fixed length control field 211101s1939 uk ||||| |||| 00| 0 ara d
035 ## - SYSTEM CONTROL NUMBER
System control number (BD-RjUL)78906
040 ## - CATALOGING SOURCE
Original cataloging agency BD-RjUL
Language of cataloging eng
Transcribing agency BD-RjUL
041 ## - LANGUAGE CODE
Language code of text/sound track or separate title eng/ara
082 ## - DEWEY DECIMAL CLASSIFICATION NUMBER
Edition number 23
Classification number 892.71
Author mark and year MUT 1939
100 ## - MAIN ENTRY--PERSONAL NAME
Personal name عبدالله ابن المعتز = A. Eghbal
9 (RLIN) 249521
245 ## - TITLE STATEMENT
Title The Tabaqat al-Shu'ara' al-Muhdathin of ibn al -Muhthin of Ibn al-Mutazz = كتاب طبقات الشعراء في مدح الخلفاء والوزراء عبدالله ابن المعتز
Statement of responsibility, etc. عبدالله ابن المعتز ; عباس اقبال= Abdullah Ibn Al- Mutazz; by A Eghbal
260 ## - PUBLICATION, DISTRIBUTION, ETC. (IMPRINT)
Place of publication, distribution, etc. London :
Name of publisher, distributor, etc. Cambridge University ,
Date of publication, distribution, etc. 1939
650 ## - SUBJECT ADDED ENTRY--TOPICAL TERM
Topical term or geographic name as entry element Arabic Poetry
9 (RLIN) 249522
700 ## - ADDED ENTRY--PERSONAL NAME
Personal name Eghbal, A =اقبال, عباس
830 ## - SERIES ADDED ENTRY--UNIFORM TITLE
Uniform title E.J.W. Gibb memorial' ; Series
Uniform title New Series;
Volume number/sequential designation Xiii
942 ## - ADDED ENTRY ELEMENTS (KOHA)
Source of classification or shelving scheme Dewey Decimal Classification
Koha item type Books
Holdings
Lost status Source of classification or shelving scheme Damaged status Not for loan Collection code Permanent Location Current Location Shelving location Date acquired Source of acquisition Total Checkouts Full call number Date last seen Copy number Koha item type
  Dewey Decimal Classification   Not For Loan Non-fiction Central Library, University of Rajshahi Central Library, University of Rajshahi Reading Room 24/01/1964 zeitlinger   A 892.71 MUT 1939 01/11/2021 C-1 Books